[Event "Mondiale Lampo FIDE 2022"]
[Site "Alma Ata"]
[Date "30.12.2022"]
[Round "13.22"]
[White "Maghsoodloo, Parham"]
[Black "Indjic, Aleksandar"]
[Result "0-1"]
[WhiteTitle ""]
[BlackTitle ""]
[WhiteElo "2719"]
[BlackElo "2636"]
[WhiteFideId "12539929"]
[BlackFideId "911925"]
[EventDate "29.12.2022"]

1. Nf3 c5 2. c4 Nc6 3. b3 e5 4. Bb2 d6 5. Nc3 g5 6. h3 Bg7 7. d3 f5 8. e3 h6 9.
Nd2 Nf6 10. a3 Be6 11. Rb1 a5 12. Be2 h5 13. Nf3 g4 14. Ng5 Bg8 15. h4 Qe7 16.
Nb5 d5 17. cxd5 Nxd5 18. g3 f4 19. exf4 exf4 20. Nd6+ Qxd6 21. Bxg7 Rh7 22. Nxh7
Bxh7 23. Qd2 Qe7 24. Qb2 f3 25. O-O fxe2 26. Rfe1 Bxd3 27. Rbc1 O-O-O 28. b4
axb4 29. axb4 c4 30. b5 Ncb4 31. Bh6 Qe4 32. Qa3 Kd7 33. Qa7 Nc7 34. Bf4 Nbd5
35. Bg5 Qf3 0-1

[Event "Mondiale Lampo FIDE 2022"]
[Site "Alma Ata"]
[Date "30.12.2022"]
[Round "13.23"]
[White "Vidit, Santosh Gujrathi"]
[Black "Sargsyan, Shant"]
[Result "0-1"]
[WhiteTitle ""]
[BlackTitle ""]
[WhiteElo "2730"]
[BlackElo "2645"]
[WhiteFideId "5029465"]
[BlackFideId "13306766"]
[EventDate "29.12.2022"]

1. Nf3 d5 2. e3 Nf6 3. c4 e6 4. Nc3 Bd6 5. b3 O-O 6. Bb2 b6 7. cxd5 exd5 8. g3
c5 9. d4 Bb7 10. Bg2 Re8 11. O-O Na6 12. Nh4 cxd4 13. Qxd4 Be5 14. Qd2 Ne4 15.
Nxe4 dxe4 16. Qxd8 Raxd8 17. Bxe5 Rxe5 18. g4 g6 19. Rfd1 Ree8 20. Bf1 Nc5 21.
Bb5 Rf8 22. Ng2 Nd3 23. Bxd3 exd3 24. Rd2 Bf3 25. h3 g5 26. Ne1 Be2 27. e4 Rd7
28. Rc1 h5 29. f3 hxg4 30. hxg4 Kg7 31. Rc3 Rh8 32. Kg2 Rhd8 33. Kf2 Rh8 34. Kg2
Rhd8 35. Kf2 Rh8 36. Ke3 Rh3 37. Nxd3 Bf1 38. Ne1 Rxd2 39. Kxd2 Rh2+ 40. Kc1
Rxa2 41. Nc2 Ra5 42. Ne3 Be2 43. Kd2 Ra2+ 44. Ke1 Kf6 45. Nd5+ Ke5 46. Nb4 Rb2
47. Re3 a5 48. Rxe2 Rb1+ 49. Kd2 axb4 50. Kc2 Rf1 51. Re3 Rf2+ 52. Kd3 b5 53.
Re2 Rxf3+ 54. Kc2 Rf4 55. Kd3 Rxg4 56. Rh2 Rg3+ 57. Kc2 Kxe4 58. Rh8 f5 59. Re8+
Kf4 60. Rb8 Rc3+ 61. Kb2 Rc5 62. Rd8 g4 63. Rd4+ Kg5 64. Rxb4 g3 65. Rd4 f4 66.
b4 Re5 67. Kc3 g2 68. Rd1 f3 69. Rg1 Kf4 70. Kd4 0-1

[Event "Mondiale Lampo FIDE 2022"]
[Site "Alma Ata"]
[Date "30.12.2022"]
[Round "13.24"]
[White "Tang, Andrew"]
[Black "Abdusattorov, Nodirbek"]
[Result "0-1"]
[WhiteTitle ""]
[BlackTitle ""]
[WhiteElo "2540"]
[BlackElo "2713"]
[WhiteFideId "2059630"]
[BlackFideId "14204118"]
[EventDate "29.12.2022"]

1. d4 d6 2. c4 e5 3. Nf3 e4 4. Ng5 f5 5. Nc3 Be7 6. Nh3 Nf6 7. g3 c6 8. d5 Nbd7
9. b3 Ne5 10. Bg2 h5 11. O-O h4 12. Bf4 Nfg4 13. Qd2 hxg3 14. hxg3 Nf7 15. dxc6
bxc6 16. Rad1 Be6 17. Na4 O-O 18. f3 Nf6 19. Nf2 d5 20. cxd5 cxd5 21. Be3 Nh5
22. Nh1 Rc8 23. Nc3 Bb4 24. Bd4 Qc7 25. Rc1 Nxg3 26. Nxg3 Qxg3 27. fxe4 dxe4 28.
e3 Ng5 29. Qe2 Rfd8 30. Nb5 Nf3+ 0-1

[Event "Mondiale Lampo FIDE 2022"]
[Site "Alma Ata"]
[Date "30.12.2022"]
[Round "13.25"]
[White "Daneshvar, Bardiya"]
[Black "Kobalia, Mikhail"]
[Result "0-1"]
[WhiteTitle ""]
[BlackTitle ""]
[WhiteElo "2500"]
[BlackElo "2577"]
[WhiteFideId "12576468"]
[BlackFideId "4119150"]
[EventDate "29.12.2022"]

1. g3 d5 2. Nf3 c6 3. Bg2 g6 4. O-O Bg7 5. d3 Nf6 6. Nbd2 O-O 7. e4 a5 8. c3 Na6
9. e5 Ne8 10. Re1 Nec7 11. Nf1 Nc5 12. d4 Ne4 13. h4 f6 14. N1d2 Nxd2 15. Qxd2
a4 16. h5 Bg4 17. hxg6 Bxf3 18. gxh7+ Kh8 19. Bxf3 fxe5 20. Bg4 e4 21. Kg2 a3
22. bxa3 e5 23. dxe5 Bxe5 24. Rh1 Bg7 25. Qe2 Qf6 26. Rh5 Nb5 27. Bb2 Nxc3 28.
Bxc3 Qxc3 29. Rb1 Bd4 30. Bf5 Rxa3 31. Rb3 Rxb3 32. axb3 Qxb3 33. Rg5 Qb2 34.
Rg8+ Rxg8 35. hxg8=Q+ Kxg8 36. Qxb2 Bxb2 37. Bc8 b6 38. Bd7 Kf7 39. Bxc6 Ke6 40.
f3 Kd6 41. Bb7 Ke5 42. fxe4 dxe4 43. Kf2 b5 44. Ke3 Bc1+ 45. Ke2 b4 46. Bc6 Kd4
47. Ba4 Kc3 48. Bc6 Kd4 49. Ba4 Bg5 50. Bc2 e3 51. g4 Kc3 52. Bf5 Bh6 53. Bg6 b3
54. Bf5 Kb2 55. Kd1 Ka1 0-1

[Event "Mondiale Lampo FIDE 2022"]
[Site "Alma Ata"]
[Date "30.12.2022"]
[Round "13.26"]
[White "Paravyan, David"]
[Black "Kadric, Denis"]
[Result "1-0"]
[WhiteTitle ""]
[BlackTitle ""]
[WhiteElo "2586"]
[BlackElo "2584"]
[WhiteFideId "4194985"]
[BlackFideId "14403803"]
[EventDate "29.12.2022"]

1. e4 e5 2. Nf3 Nf6 3. Nc3 d6 4. d4 Nbd7 5. Bc4 Be7 6. O-O O-O 7. a4 c6 8. h3 h6
9. Re1 Re8 10. a5 Qc7 11. Be3 exd4 12. Nxd4 Bf8 13. Bf4 Rb8 14. Bg3 b5 15. axb6
axb6 16. b4 b5 17. Bb3 Ne5 18. f4 Nc4 19. Bxc4 bxc4 20. b5 Bd7 21. bxc6 Bxc6 22.
Nxc6 Qxc6 23. Qf3 Rb2 24. Re2 Ra8 25. Rxa8 Qxa8 26. Kh2 Qa3 27. e5 dxe5 28. fxe5
Nh7 29. Bf4 Rb6 30. Re4 Qa6 31. Nd5 Rc6 32. Qg4 Rg6 33. Qd7 Qc6 34. Qxc6 Rxc6
35. c3 Ba3 36. Bc1 Bf8 1-0

[Event "Mondiale Lampo FIDE 2022"]
[Site "Alma Ata"]
[Date "30.12.2022"]
[Round "13.27"]
[White "Bluebaum, Matthias"]
[Black "Pantsulaia, Levan"]
[Result "0-1"]
[WhiteTitle ""]
[BlackTitle ""]
[WhiteElo "2657"]
[BlackElo "2597"]
[WhiteFideId "24651516"]
[BlackFideId "13602071"]
[EventDate "29.12.2022"]

1. d4 c5 2. d5 g6 3. c4 Bg7 4. e4 d6 5. h3 e6 6. Nc3 Bxc3+ 7. bxc3 e5 8. h4 h6
9. f4 Qf6 10. fxe5 Qxe5 11. Nf3 Qxe4+ 12. Kf2 Kd8 13. Bd3 Qg4 14. Re1 Nf6 15.
Kg1 Bf5 16. Be2 Qg3 17. Rf1 Ng4 18. Bd2 Re8 19. Qe1 Qxe1 20. Rfxe1 Nd7 21. Bf4
Kc7 22. Bf1 f6 23. g3 g5 24. hxg5 fxg5 25. Bd2 Ndf6 26. Rxe8 Rxe8 27. Re1 Rxe1
28. Bxe1 Ne3 29. Be2 Ne4 30. Bd3 Nxg3 31. Bxg3 Bxd3 32. Kf2 Ng4+ 33. Ke1 Bxc4
34. Nd2 Bxd5 35. c4 Bc6 36. Ke2 Kd7 37. Nb3 b6 38. Nc1 Ke6 39. Nd3 Be4 40. Nc1
Ne5 41. Ke3 Bb1 42. Kd2 Nxc4+ 43. Kc3 d5 44. a4 h5 45. Bc7 h4 46. Bd8 Kf5 47.
Ne2 Nd6 48. Bc7 Ne4+ 49. Kb2 Bd3 50. Ng1 g4 51. Bb8 a6 52. Bc7 b5 53. a5 g3 54.
Nh3 Kg4 55. Nf4 c4 56. Ng6 h3 57. Ne5+ Kf5 58. Nf3 h2 59. Nxh2 gxh2 60. Bxh2 d4
61. Ka3 Ke6 62. Kb4 Kd5 63. Bg1 Ng5 64. Bf2 Ne6 65. Bg3 Nd8 66. Bc7 Nc6+ 67. Ka3
b4+ 68. Kb2 c3+ 69. Kb3 Be2 70. Bf4 Bd1+ 71. Ka2 Kc4 72. Kb1 Nxa5 73. Kc1 Bf3
74. Kb1 Nc6 75. Bc1 a5 76. Bf4 d3 77. Bd2 cxd2 0-1

[Event "Mondiale Lampo FIDE 2022"]
[Site "Alma Ata"]
[Date "30.12.2022"]
[Round "13.28"]
[White "Petrosian, Tigran L."]
[Black "Nesterov, Arseniy"]
[Result "1/2-1/2"]
[WhiteTitle ""]
[BlackTitle ""]
[WhiteElo "2551"]
[BlackElo "2573"]
[WhiteFideId "13301616"]
[BlackFideId "24198455"]
[EventDate "29.12.2022"]

1. Nf3 Nf6 2. g3 c5 3. c4 Nc6 4. Bg2 d5 5. O-O d4 6. e3 e5 7. exd4 cxd4 8. d3
Be7 9. Bg5 Nd7 10. Bxe7 Qxe7 11. Re1 O-O 12. Nbd2 a5 13. Nh4 g6 14. a3 Ra6 15.
Rb1 a4 16. Nhf3 Nc5 17. Ne4 Ne6 18. Ned2 Nc5 19. Ne4 Ne6 20. Qe2 Re8 21. Ned2
Nc5 22. Nh4 Rb6 23. Bd5 Kg7 24. Ne4 Ne6 25. Nd2 Nc5 26. Ne4 Ne6 27. Nf3 Nc7 28.
c5 Nxd5 29. cxb6 Bg4 30. Ned2 Nxb6 31. Rbc1 Qd7 32. Rc5 f6 33. Qd1 Qd6 34. Qc2
Nd7 35. Rb5 b6 36. Rc1 Rc8 37. Nc4 Qb8 38. Nfd2 Be6 39. Qxa4 Na7 40. Rb4 b5 41.
Qa5 Nc6 42. Qxb5 Nxb4 43. Qxb4 Qxb4 44. axb4 Rb8 45. Ra1 Rxb4 46. Ra5 e4 47. Ra6
Bxc4 48. dxc4 e3 49. fxe3 dxe3 50. Ra7 exd2 51. Rxd7+ Kh6 52. Rxd2 Rxc4 53. Kf2
Rb4 54. Ke3 Kg5 55. Kd3 Rb8 56. Kc3 Kg4 57. b4 f5 58. Rd4+ Kf3 59. Rd7 h5 60.
Rg7 Rb6 61. Kc4 Kg2 62. Kc5 Rf6 63. b5 Kxh2 64. b6 Kxg3 65. b7 Rf8 66. Rxg6+ Kf3
67. Rg5 f4 68. Rxh5 Kg4 69. Rd5 f3 70. Rd4+ Kg3 71. Rd1 f2 72. Kc6 Rb8 73. Kc7
Rxb7+ 74. Kxb7 Kg2 75. Kc6 f1=Q 76. Rxf1 Kxf1 1/2-1/2

[Event "Mondiale Lampo FIDE 2022"]
[Site "Alma Ata"]
[Date "30.12.2022"]
[Round "13.29"]
[White "Moiseenko, Alexander"]
[Black "Esipenko, Andrey"]
[Result "1-0"]
[WhiteTitle ""]
[BlackTitle ""]
[WhiteElo "2577"]
[BlackElo "2678"]
[WhiteFideId "14102560"]
[BlackFideId "24175439"]
[EventDate "29.12.2022"]

1. d4 Nf6 2. c4 e6 3. Nc3 Bb4 4. Nf3 b6 5. Qb3 c5 6. dxc5 Bxc5 7. Bf4 O-O 8. e3
Nc6 9. Be2 Bb7 10. O-O Nh5 11. Bg5 Be7 12. Bxe7 Qxe7 13. Rfd1 Nf6 14. Qa4 Rfd8
15. h3 h6 16. Rd2 Qc5 17. Rad1 Ne5 18. Nxe5 Qxe5 19. Qb5 Qc7 20. Qb4 a6 21. Qd6
Qxd6 22. Rxd6 Bc6 23. Bf3 Bxf3 24. gxf3 Rab8 25. b3 Kf8 26. Na4 b5 27. Nb2 Ra8
28. Rb6 Ke7 29. f4 Rdb8 30. Rxb8 Rxb8 31. Kg2 Ne4 32. Rc1 Rc8 33. f3 Nd6 34. c5
Nf5 35. Kf2 d6 36. cxd6+ Nxd6 37. Rxc8 Nxc8 38. Nd3 Kd6 39. e4 Ne7 40. Ke3 Nc6
41. b4 f6 42. a3 a5 43. bxa5 Nxa5 44. Kd4 Nc6+ 45. Ke3 g5 46. fxg5 fxg5 47. f4
gxf4+ 48. Kxf4 Nd4 49. Kg4 Nc2 50. Kh5 Nxa3 51. Kxh6 Nc4 52. h4 Nd2 53. Kg6 Nxe4
54. h5 Ke7 55. h6 Nf6 56. Nb4 e5 57. Nd5+ Nxd5 58. h7 Nf4+ 59. Kg7 Ne6+ 60. Kg8
Kd6 61. h8=Q b4 62. Qh1 Nd4 63. Qb7 Kc5 64. Kf7 b3 65. Kf6 Kc4 66. Kxe5 Nb5 67.
Qc6+ Kb4 68. Qe4+ Kc5 69. Qd3 Kb4 70. Kd5 Nc3+ 71. Kd4 Na2 72. Qc4+ Ka3 73. Qa6+
Kb2 74. Kc4 Nc1 75. Qf6+ Kc2 76. Qf2+ Kb1 77. Kc3 1-0

[Event "Mondiale Lampo FIDE 2022"]
[Site "Alma Ata"]
[Date "30.12.2022"]
[Round "13.30"]
[White "Durarbayli, Vasif"]
[Black "Tari, Aryan"]
[Result "1/2-1/2"]
[WhiteTitle ""]
[BlackTitle ""]
[WhiteElo "2612"]
[BlackElo "2659"]
[WhiteFideId "13402935"]
[BlackFideId "1510045"]
[EventDate "29.12.2022"]

1. e4 e5 2. Nf3 Nc6 3. Bb5 Nf6 4. d3 Bc5 5. Bxc6 dxc6 6. Nbd2 Be6 7. O-O Bd6 8.
b3 Nd7 9. Nc4 Bxc4 10. bxc4 Qe7 11. Be3 O-O 12. Rb1 b6 13. g3 Bc5 14. Qe2 Bxe3
15. Qxe3 Nc5 16. Nh4 Ne6 17. Nf5 Qa3 18. f4 f6 19. Rf2 Qxa2 20. Rbf1 Qa3 21. Kh1
a5 22. h4 Rae8 23. fxe5 fxe5 24. h5 h6 25. Nxh6+ gxh6 26. Qxh6 Qe7 27. Qg6+ Ng7
28. h6 Rxf2 29. Rxf2 Rf8 30. Rxf8+ Qxf8 31. Kg2 a4 32. hxg7 Qd6 33. Qh5 Kxg7 34.
Qg5+ Kf7 35. Qf5+ Ke7 36. Qh7+ Kd8 37. Qg8+ Kd7 38. Qf7+ Qe7 39. Qf5+ Kd6 40. c3
a3 41. Qf2 Kd7 42. Qa2 Qc5 43. g4 b5 44. cxb5 cxb5 45. g5 Qxc3 46. Qd5+ Ke7 47.
g6 Qd2+ 48. Kf3 Qd1+ 49. Kf2 Qd2+ 50. Kf3 Qf4+ 51. Ke2 Qg4+ 52. Kd2 Qxg6 53.
Qxe5+ Kd8 54. Qxb5 a2 55. Qd5+ Qd6 56. Qa8+ Ke7 57. Kc2 Qh2+ 58. Kb3 Qd2 59.
Qa3+ Kd7 60. Qa4+ Ke7 61. Qa3+ Kd7 62. Qa4+ c6 63. Qa7+ Ke6 64. Qxa2 Qxd3+ 65.
Kb4+ Ke5 66. Qb2+ Kxe4 67. Qg2+ Ke5 1/2-1/2

[Event "Mondiale Lampo FIDE 2022"]
[Site "Alma Ata"]
[Date "30.12.2022"]
[Round "13.31"]
[White "Petrosyan, Manuel"]
[Black "Vachier-Lagrave, Maxime"]
[Result "1/2-1/2"]
[WhiteTitle ""]
[BlackTitle ""]
[WhiteElo "2621"]
[BlackElo "2737"]
[WhiteFideId "13300857"]
[BlackFideId "623539"]
[EventDate "29.12.2022"]

1. d4 Nf6 2. c4 e6 3. Nc3 Bb4 4. e3 O-O 5. Bd3 d5 6. cxd5 exd5 7. Ne2 c6 8. O-O
Re8 9. Bd2 Nbd7 10. f3 Nf8 11. Kh1 Ng6 12. Qc2 Ba5 13. Rae1 Bc7 14. Ng1 Qd6 15.
f4 Bg4 16. Nf3 Bxf3 17. gxf3 Re7 18. Ne2 Rae8 19. Ng3 Nh4 20. a3 Qd7 21. Nf5
Nxf5 22. Bxf5 Qd8 23. Rg1 Kh8 24. Bh3 g6 25. Qd3 Nh5 26. Bg4 Ng7 27. Ref1 f5 28.
Bh3 Re6 29. Rc1 Qh4 30. Qf1 Rxe3 31. Bxe3 Rxe3 32. Re1 Qxf4 33. Qg2 Rxf3 34. Re7
Rf2 35. Rxc7 Rxg2 36. Rc8+ Ne8 37. Rxe8+ Kg7 38. Bxg2 Kf6 39. Rge1 Qxd4 40. b4
Qb2 41. R8e7 Qxa3 42. Rxb7 Qc3 43. Rf1 h5 44. Rxa7 Qxb4 45. Rc1 Qb6 46. Ra2 Kg5
47. Rac2 Qe3 48. Rxc6 Kh4 49. R6c3 Qe5 50. Rg3 g5 51. Rh3+ Kg4 52. Rg1 h4 53.
Rd3 d4 54. Rgd1 Kh5 55. Rxd4 g4 56. Rd5 Qe6 57. Rf1 h3 58. Rfxf5+ Kg6 59. Rg5+
Kf6 60. Rdf5+ Qxf5 61. Rxf5+ Kxf5 62. Bb7 Kf4 63. Bc8 g3 64. Bxh3 gxh2 65. Kxh2
Ke5 1/2-1/2

[Event "Mondiale Lampo FIDE 2022"]
[Site "Alma Ata"]
[Date "30.12.2022"]
[Round "13.32"]
[White "Jumabayev, Rinat"]
[Black "Amin, Bassem"]
[Result "1-0"]
[WhiteTitle ""]
[BlackTitle ""]
[WhiteElo "2609"]
[BlackElo "2682"]
[WhiteFideId "13702661"]
[BlackFideId "10601457"]
[EventDate "29.12.2022"]

1. d4 Nf6 2. c4 g6 3. g3 Bg7 4. Bg2 O-O 5. Nf3 d6 6. Nc3 Nc6 7. d5 Na5 8. b3 c5
9. Bb2 a6 10. a4 Re8 11. O-O e6 12. dxe6 Bxe6 13. Ng5 Bf5 14. Ra2 Qb6 15. Nd5
Nxd5 16. Bxd5 Re7 17. e4 Be6 18. Bxe6 fxe6 19. Bxg7 Kxg7 20. Rd2 Rd8 21. e5 d5
22. cxd5 exd5 23. Rxd5 Rde8 24. e6 Nxb3 25. Qe2 h6 26. Qe5+ Kg8 27. Nf7 Kh7 28.
Qf4 Qxe6 29. Qxh6+ Kg8 30. Rd6 Rxf7 31. Rxe6 Rxe6 32. Rb1 c4 33. Rd1 Rfe7 34.
Rd8+ Re8 35. Rd7 R8e7 36. Rd8+ Re8 37. Rd7 R8e7 38. Rxe7 Rxe7 39. Qxg6+ Kf8 40.
Qf5+ Rf7 41. Qc8+ Kg7 42. Qxc4 1-0

[Event "Mondiale Lampo FIDE 2022"]
[Site "Alma Ata"]
[Date "30.12.2022"]
[Round "13.33"]
[White "Van Foreest, Jorden"]
[Black "Sargissian, Gabriel"]
[Result "1-0"]
[WhiteTitle ""]
[BlackTitle ""]
[WhiteElo "2690"]
[BlackElo "2699"]
[WhiteFideId "1039784"]
[BlackFideId "13300881"]
[EventDate "29.12.2022"]

1. e4 e5 2. Nf3 Nc6 3. Bb5 a6 4. Ba4 Nf6 5. Nc3 b5 6. Bb3 Bc5 7. O-O d6 8. a4 b4
9. Nd5 h6 10. c3 bxc3 11. bxc3 O-O 12. d4 Ba7 13. Nxf6+ Qxf6 14. Bd5 Bd7 15. Be3
Rad8 16. a5 exd4 17. cxd4 Nb4 18. Bc4 d5 19. e5 Qe7 20. Be2 c5 21. dxc5 Bxc5 22.
Bxc5 Qxc5 23. Qd2 Qe7 24. Rfb1 Rb8 25. Rb2 Nc6 26. Rxb8 Rxb8 27. Qxd5 Nb4 28.
Qd6 Qxd6 29. exd6 Rd8 30. Ne5 Be6 31. Ra4 Nd5 32. Bxa6 Rxd6 33. Bf1 Nc3 34. Ra1
Rd5 35. Nc4 Rd7 36. a6 Ra7 37. Ne5 Bd5 38. Ra5 Ba8 39. Rc5 Ne4 40. Rc8+ Kh7 41.
Bd3 g6 42. Nc6 Bxc6 43. Rxc6 Ng5 44. Bc4 Kg7 45. f3 Nh7 46. Rb6 Rc7 47. Bb3 Rc1+
48. Kf2 Ra1 49. Bc4 Ra4 50. Rc6 Nf6 51. Rc7 Ne8 52. Rxf7+ Kg8 53. a7 Nd6 54. Bb3
Ra3 55. Rd7+ 1-0

[Event "Mondiale Lampo FIDE 2022"]
[Site "Alma Ata"]
[Date "30.12.2022"]
[Round "13.34"]
[White "Saraci, Nderim"]
[Black "Niemann, Hans Moke"]
[Result "0-1"]
[WhiteTitle ""]
[BlackTitle ""]
[WhiteElo "2468"]
[BlackElo "2698"]
[WhiteFideId "6351921"]
[BlackFideId "2093596"]
[EventDate "29.12.2022"]

1. d4 Nf6 2. Nf3 g6 3. g3 Bg7 4. Bg2 O-O 5. O-O d6 6. c4 Nbd7 7. Nc3 e5 8. e4
exd4 9. Nxd4 Re8 10. Re1 Nc5 11. Rb1 Ng4 12. f3 Ne5 13. Bf1 c6 14. Be3 a5 15. h3
Ne6 16. Nxe6 Bxe6 17. b3 Nxf3+ 18. Qxf3 Bxc3 19. Red1 Be5 20. Bf4 Qe7 21. Qf2
Rad8 22. Bxe5 dxe5 23. c5 Rxd1 24. Rxd1 Rd8 25. Rxd8+ Qxd8 26. Qe3 Qd4 27. Qxd4
exd4 28. Kf2 Kg7 29. e5 f6 30. exf6+ Kxf6 31. Ke2 Ke5 32. Bg2 Bd5 0-1

[Event "Mondiale Lampo FIDE 2022"]
[Site "Alma Ata"]
[Date "30.12.2022"]
[Round "13.35"]
[White "Cheparinov, Ivan"]
[Black "Ghasi, Ameet K"]
[Result "1-0"]
[WhiteTitle ""]
[BlackTitle ""]
[WhiteElo "2688"]
[BlackElo "2471"]
[WhiteFideId "2905540"]
[BlackFideId "409200"]
[EventDate "29.12.2022"]

1. e4 c6 2. d4 d5 3. e5 Bf5 4. Nf3 e6 5. Be2 Nd7 6. O-O a5 7. a4 f6 8. Re1 fxe5
9. dxe5 Bc5 10. Nbd2 Ne7 11. Nb3 Bb6 12. Nbd4 O-O 13. c3 Qe8 14. h3 Ng6 15. Be3
Bc7 16. Nxf5 Rxf5 17. Bd3 Rf8 18. Bc2 Nf4 19. g3 Ng6 20. Kg2 Ndxe5 21. Nxe5 Nxe5
22. Bc5 Rf6 23. Bd4 Nd7 24. Bxf6 Nxf6 25. f4 Qd7 26. Qf3 Re8 27. Rad1 Qd6 28.
Re2 Re7 29. Rde1 Qd7 30. Bf5 Qd6 31. Rxe6 Rxe6 32. Bxe6+ Kf8 33. Bf5 Bb6 34. Qe2
Qc5 35. Bxh7 d4 36. Bg6 Kg8 37. Qe6+ Kh8 38. Qc8+ Ng8 39. Bf7 1-0

[Event "Mondiale Lampo FIDE 2022"]
[Site "Alma Ata"]
[Date "30.12.2022"]
[Round "13.36"]
[White "Gelfand, Boris"]
[Black "Donchenko, Alexander"]
[Result "1/2-1/2"]
[WhiteTitle ""]
[BlackTitle ""]
[WhiteElo "2667"]
[BlackElo "2636"]
[WhiteFideId "2805677"]
[BlackFideId "24603295"]
[EventDate "29.12.2022"]

1. Nf3 Nf6 2. c4 e6 3. g3 a6 4. Bg2 b5 5. b3 c5 6. Nc3 Qb6 7. O-O Bb7 8. d4 cxd4
9. Qxd4 Qxd4 10. Nxd4 Bxg2 11. Kxg2 bxc4 12. bxc4 Bc5 13. Rd1 Bxd4 14. Rxd4 Nc6
15. Rd1 O-O 16. Bg5 Ra7 17. Rab1 Rc8 18. Bxf6 gxf6 19. Ne4 Kg7 20. Nd6 Rb8 21.
Rxb8 Nxb8 22. Rb1 Nc6 23. Rb6 Kf8 24. f4 f5 25. Kf3 Rc7 26. Rxa6 Ke7 27. Nb5 Rc8
28. Ra4 h5 29. Ke3 h4 30. Nd4 hxg3 31. Nxc6+ Rxc6 32. hxg3 Rb6 33. Kd3 Rb1 34.
Ra3 Kd6 35. Kd4 Re1 36. Re3 Ra1 37. a3 Ra2 38. c5+ Kc6 39. Kc4 Rc2+ 40. Kb3 Rd2
41. Kc4 Rc2+ 42. Kd4 Rd2+ 43. Ke5 Rd1 44. Rd3 Re1 45. e3 Rg1 46. Rc3 Rxg3 47.
Kf6 Rh3 48. a4 Rh1 49. Kxf7 Ra1 50. Rd3 Rxa4 51. Rd6+ Kxc5 52. Rxd7 Re4 53. Rd3
Kc4 54. Ra3 Kb4 55. Ra6 e5 56. fxe5 Rxe5 57. Kf6 Rxe3 1/2-1/2

[Event "Mondiale Lampo FIDE 2022"]
[Site "Alma Ata"]
[Date "30.12.2022"]
[Round "13.37"]
[White "Adhiban, Baskaran"]
[Black "Hovhannisyan, Robert"]
[Result "1/2-1/2"]
[WhiteTitle ""]
[BlackTitle ""]
[WhiteElo "2611"]
[BlackElo "2597"]
[WhiteFideId "5018471"]
[BlackFideId "13302507"]
[EventDate "29.12.2022"]

1. Nf3 d5 2. b3 Bf5 3. Bb2 e6 4. g3 Nf6 5. d3 h6 6. Nbd2 Be7 7. Bg2 O-O 8. O-O
Bh7 9. e4 a5 10. Re1 c6 11. a3 Na6 12. Ne5 Nc5 13. Qe2 Nfd7 14. Nxd7 Qxd7 15.
Nf3 Qd8 16. Ne5 Nd7 17. Nxd7 Qxd7 18. Qg4 Bg6 19. h4 h5 20. Qe2 Rfd8 21. Rad1 d4
22. Bf3 a4 23. b4 c5 24. bxc5 Qb5 25. c4 Qxc5 26. Rb1 Ra6 27. Bc1 Rb6 28. Rxb6
Qxb6 29. Bxh5 Bxh5 30. Qxh5 Qb3 31. Qd1 Ra8 32. Qxb3 axb3 33. Bb2 Ra6 34. Bxd4
Bxa3 35. Rb1 b2 36. e5 Ra8 37. Bc3 Ra6 38. Kf1 Rb6 39. Ke2 Kh7 40. Kd2 Kg6 41.
g4 f5 42. exf6 gxf6 43. Kc2 f5 44. gxf5+ Kxf5 45. Bxb2 Bc5 46. d4 Be7 47. Bc3
Rxb1 48. Kxb1 Bxh4 49. Be1 Bf6 50. d5 exd5 51. cxd5 Ke4 52. d6 Kd5 53. Bb4 Kc6
54. Kc2 Be5 55. Kd3 Bxd6 56. Bxd6 Kxd6 57. Kc4 Ke5 58. Kb5 Ke4 59. Kb6 Kf3 60.
Kxb7 Kxf2 1/2-1/2

[Event "Mondiale Lampo FIDE 2022"]
[Site "Alma Ata"]
[Date "30.12.2022"]
[Round "13.38"]
[White "Zhigalko, Sergei"]
[Black "Suleymanli, Aydin"]
[Result "0-1"]
[WhiteTitle ""]
[BlackTitle ""]
[WhiteElo "2572"]
[BlackElo "2543"]
[WhiteFideId "13502956"]
[BlackFideId "13413937"]
[EventDate "29.12.2022"]

1. e4 e6 2. d4 d5 3. e5 c5 4. c3 Nc6 5. Nf3 Bd7 6. Be2 cxd4 7. cxd4 Qb6 8. O-O
Nh6 9. Na3 Nf5 10. Nc2 Nb4 11. Ne3 Rc8 12. Nxf5 exf5 13. Bd2 Be7 14. a3 Nc6 15.
Bc3 Na5 16. Bd3 O-O 17. Qe2 Be6 18. Nd2 Nc4 19. Nxc4 dxc4 20. Bc2 Rfd8 21. Rad1
Rd5 22. h3 g6 23. g4 fxg4 24. hxg4 Kh8 25. f4 Rg8 26. Kh2 Qd8 27. Rg1 Bf8 28.
Kg3 h5 29. Rh1 Kg7 30. gxh5 f5 31. Rdg1 Kf7 32. Qe3 g5 33. Kf2 g4 34. Rd1 Bh6
35. Bb4 Re8 36. Kg3 a5 37. Bc3 b5 38. b3 Qc7 39. Rc1 Rc8 40. bxc4 Qxc4 41. Bxa5
Qxd4 42. Qxd4 Rxd4 43. Rhf1 Rdc4 44. Rf2 Bf8 45. Bb4 Bxb4 46. axb4 Kg7 47. Rd2
Rc3+ 48. Kf2 R8c4 49. Kg2 Rxf4 50. h6+ Kxh6 51. Rd6 Rfc4 52. Rxe6+ Kg5 53. Rb6
Rxc2+ 54. Rxc2 Rxc2+ 55. Kf1 Kf4 56. e6 Kf3 57. Ke1 g3 58. Rxb5 Re2+ 59. Kd1 f4
60. Rg5 Rxe6 61. b5 Kf2 62. Kd2 f3 63. Kd3 g2 64. Kd4 g1=Q 0-1

[Event "Mondiale Lampo FIDE 2022"]
[Site "Alma Ata"]
[Date "30.12.2022"]
[Round "13.39"]
[White "Tomashevsky, Evgeny"]
[Black "Makhnev, Denis"]
[Result "0-1"]
[WhiteTitle ""]
[BlackTitle ""]
[WhiteElo "2694"]
[BlackElo "2481"]
[WhiteFideId "4147235"]
[BlackFideId "13707647"]
[EventDate "29.12.2022"]

1. c4 e5 2. g3 c6 3. Nf3 e4 4. Nd4 d5 5. cxd5 Qxd5 6. Nc2 Nf6 7. Nc3 Qe5 8. Bg2
Be7 9. O-O O-O 10. b4 Bf5 11. Bb2 Bg6 12. Rb1 Qe6 13. Nd4 Qd7 14. e3 Bxb4 15.
Nce2 Na6 16. Nf4 Be7 17. Bc3 Rfd8 18. Qc2 c5 19. Nxg6 hxg6 20. Ne2 Nb4 21. Qb3
Rab8 22. Bxf6 Bxf6 23. a3 Nc6 24. Bxe4 Qxd2 25. Nf4 Ne5 26. Rfd1 Qa5 27. Rd5
Rxd5 28. Bxd5 b5 29. Qc2 c4 30. Nxg6 Rd8 31. Nf4 Nd3 32. e4 Qxa3 33. Rxb5 Bd4
34. Nh3 Ne5 35. Rb7 Qd3 36. Qa2 Rf8 37. Nf4 Qd1+ 38. Kg2 Qf3+ 39. Kg1 Ng4 40.
Nh3 c3 41. Qc2 Ne5 42. Rb1 Qd3 43. Rc1 Rb8 44. Nf4 Qxc2 45. Rxc2 Nf3+ 46. Kf1
Rb2 47. Rxb2 cxb2 48. Ba2 b1=Q+ 49. Bxb1 Nd2+ 50. Ke2 Nxb1 51. f3 a5 52. Kd3 Bg1
53. h4 a4 54. Nd5 a3 55. Kc2 Nd2 0-1

[Event "Mondiale Lampo FIDE 2022"]
[Site "Alma Ata"]
[Date "30.12.2022"]
[Round "13.40"]
[White "Alonso Rosell, Alvar"]
[Black "Vallejo Pons, Francisco"]
[Result "1-0"]
[WhiteTitle ""]
[BlackTitle ""]
[WhiteElo "2561"]
[BlackElo "2716"]
[WhiteFideId "2270544"]
[BlackFideId "2205530"]
[EventDate "29.12.2022"]

1. d4 Nf6 2. c4 e6 3. Nf3 c5 4. d5 exd5 5. cxd5 d6 6. Nc3 g6 7. h3 Bg7 8. Bf4 b5
9. Nxb5 Qa5+ 10. Nc3 Ne4 11. Bd2 Nxd2 12. Nxd2 Bxc3 13. bxc3 Qxc3 14. e4 O-O 15.
Be2 Ba6 16. O-O Re8 17. Qa4 Rd8 18. Bxa6 Nxa6 19. Nc4 Nb4 20. Rac1 Qd4 21. Na5
Rdc8 22. Rc4 Qd2 23. a3 Nd3 24. Rc2 Qg5 25. Qb3 Nf4 26. Qf3 Rab8 27. h4 Qf6 28.
Nc6 Rb7 29. Qg4 Re8 30. Re1 Kg7 31. g3 Nd3 32. Rd1 Ne5 33. Qf4 Rb3 34. Qxf6+
Kxf6 35. Nxa7 Rxa3 36. Nb5 Ra6 37. Nc7 Rea8 38. f4 Ng4 39. Nxa6 Rxa6 40. e5+ Ke7
41. Re2 Ra3 42. Rb1 Rxg3+ 43. Kf1 dxe5 44. fxe5 Rd3 45. Rb7+ Kf8 46. e6 fxe6 47.
dxe6 Nf6 48. e7+ Ke8 49. Rb8+ Kf7 50. Rf8+ Kg7 1-0